Every WWE Royal Rumble's Iron Man - Statistics

General Stats
  • This quiz has been taken 12 times
  • The average score is 35 of 49
Answer Stats
Year Entrant Superstar Time % Correct
2026 (Women) #1 Charlotte Flair 59:50
100%
2006 #2 Rey Mysterio 1:02:12
100%
1992 #3 Ric Flair 59:26
100%
1995 #1 Shawn Michaels 38:41
100%
1988 #1 Bret Hart 25:42
89%
2003 #2 Chris Jericho 38:54
89%
2017 #2 Chris Jericho 1:00:13
89%
2011 #1 CM Punk 35:21
89%
2014 #1 CM Punk 49:15
89%
Greatest #1 Daniel Bryan 1:16:05
89%
2024 (Men) #1 Jey Uso 50:55
89%
2010 #19 John Cena 22:11
89%
2001 #6 Kane 53:46
89%
2019 (Men) #10 Seth Rollins 43:00
89%
1997 #5 "Stone Cold" Steve Austin 45:07
89%
2002 #19 "Stone Cold" Steve Austin 26:46
89%
1998 #4 The Rock 51:32
89%
2024 (Women) #2 Bayley 1:03:03
78%
2004 #1 Chris Benoit 1:01:30
78%
2005 #2 Chris Benoit 47:26
78%
2020 (Men) #16 Drew McIntyre 34:11
78%
1996 #1 Hunter Hearst Helmsley 48:01
78%
2018 (Women) #1 Sasha Banks 54:46
78%
2009 #7 Triple H 49:55
78%
2008 #8 Batista 37:42
67%
2013 #1 Dolph Ziggler 49:47
67%
2007 #5 Edge 44:02
67%
2021 (Men) #1 Edge 58:28
67%
1989 #4 Mr. Perfect 27:58
67%
2023 (Women) #1 Rhea Ripley 1:01:08
67%
2016 #1 Roman Reigns 59:50
67%
1999 #2 Vince McMahon 56:38
67%
2020 (Women) #2 Bianca Belair 33:20
56%
2021 (Women) #3 Bianca Belair 56:49
56%
2022 (Women) #8 Bianca Belair 47:30
56%
1993 #2 Bob Backlund 1:01:10
56%
2015 #5 Bray Wyatt 46:58
56%
2018 (Men) #2 Finn Balor 57:38
56%
2023 (Men) #1 Gunther 1:11:40
56%
1991 #6 Rick Martel 52:17
56%
2025 (Women) #3 Roxanne Perez 1:07:47
56%
1990 #1 Ted DiBiase 44:47
56%
2022 (Men) #1 AJ Styles 29:06
44%
1994 #15 Bam Bam Bigelow 30:12
44%
2026 (Men) #8 Je'Von Evans 40:58
44%
2025 (Men) #2 Penta 42:05
44%
2012 #1 The Miz 45:39
44%
2019 (Women) #2 Natalya 56:01
33%
2000 #10 Test 26:17
33%
No matching quizzes found
Score Distribution
Percent of People with Each Score
Percentile by Number Answered
Your Score History
You have not taken this quiz